Introducción al SAS para Windows (Record no. 94922)
[ view plain ]
| 000 -CABECERA | |
|---|---|
| campo de control de longitud fija | 01468nam a22003617a 4500 |
| 003 - IDENTIFICADOR DEL NÚMERO DE CONTROL | |
| campo de control | CHAP |
| 005 - FECHA Y HORA DE LA ÚLTIMA TRANSACCIÓN | |
| campo de control | 20220329143323.0 |
| 008 - DATOS DE LONGITUD FIJA--INFORMACIÓN GENERAL | |
| campo de control de longitud fija | 080616d2007 mx ad r 00110 spa d |
| 010 ## - NÚMERO DE CONTROL DE LA BIBLIOTECA DEL CONGRESO | |
| Número de control de LC | 94922 |
| 011 ## - ENLACE DEL NUMERO DE CONTROL DE LA BIBLIOTECA DEL CONGRESO [OBSOLETO] | |
| Número de control de LC | 95894 |
| 020 ## - NÚMERO INTERNACIONAL ESTÁNDAR DEL LIBRO | |
| Número Internacional Estándar del Libro | 9789680203727 |
| 035 ## - NÚMERO DE CONTROL DEL SISTEMA | |
| Número de control de sistema | 106528 |
| 040 ## - FUENTE DE LA CATALOGACIÓN | |
| Centro/agencia transcriptor | CHAP |
| 082 04 - NÚMERO DE LA CLASIFICACIÓN DECIMAL DEWEY | |
| Número de clasificación | 001.6424 |
| Número de documento/Ítem | C41 2007 |
| 100 00 - ENTRADA PRINCIPAL--NOMBRE DE PERSONA | |
| Nombre de persona | Castillo Márquez, Luis Emilio. |
| 9 (RLIN) | 20176 |
| 245 10 - MENCIÓN DE TÍTULO | |
| Título | Introducción al SAS para Windows |
| Mención de responsabilidad, etc. | /por Luis Emilio Castillo Márquez |
| 250 ## - MENCIÓN DE EDICIÓN | |
| Mención de edición | 3 ed. |
| 260 ## - PUBLICACIÓN, DISTRIBUCIÓN, ETC. | |
| Lugar de publicación, distribución, etc. | Chapingo, Méx. : |
| Nombre del editor, distribuidor, etc. | UACH. Departamento de Parasitología Agrícola, |
| Fecha de publicación, distribución, etc. | 2007 |
| 300 ## - DESCRIPCIÓN FÍSICA | |
| Extensión | 295 p. : |
| Otras características físicas | ilus. ; gráfs. ; cuadros |
| 590 ## - NOTA LOCAL (RLIN) | |
| Nota local | BATCH-UPD |
| Procedencia (VM) [OBSOLETO] | 10 |
| Condición del los carretes individuales (VM) [OBSOLETO] | 20130110 |
| -- | UCH01 |
| -- | 1936 |
| 590 ## - NOTA LOCAL (RLIN) | |
| Nota local | BATCH-UPD |
| Procedencia (VM) [OBSOLETO] | 10 |
| Condición del los carretes individuales (VM) [OBSOLETO] | 20130410 |
| -- | UCH01 |
| -- | 1300 |
| 590 ## - NOTA LOCAL (RLIN) | |
| Nota local | BATCH-UPD |
| Procedencia (VM) [OBSOLETO] | 10 |
| Condición del los carretes individuales (VM) [OBSOLETO] | 20130914 |
| -- | UCH01 |
| -- | 0857 |
| 590 ## - NOTA LOCAL (RLIN) | |
| Nota local | CONVERSION |
| Procedencia (VM) [OBSOLETO] | 10 |
| Condición del los carretes individuales (VM) [OBSOLETO] | 20130109 |
| -- | UCH01 |
| -- | 1352 |
| 650 14 - PUNTO DE ACCESO ADICIONAL DE MATERIA--TÉRMINO DE MATERIA | |
| Término de materia o nombre geográfico como elemento de entrada | Lenguajes de programación. |
| 9 (RLIN) | 65989 |
| 650 14 - PUNTO DE ACCESO ADICIONAL DE MATERIA--TÉRMINO DE MATERIA | |
| Término de materia o nombre geográfico como elemento de entrada | SAS (Programación) |
| 9 (RLIN) | 102675 |
| 901 ## - ELEMENTOS DE DATOS A LOCAL LDA (RLIN) | |
| a | BK |
| 942 ## - ELEMENTOS DE PUNTO DE ACCESO ADICIONAL (KOHA) | |
| Tipo de ítem Koha | Libro |
| 949 ## - PROCESAMIENTO DE INFORMACIÓN LOCAL (OCLC) | |
| a | 001.6424 C41 2007 |
| b | BC |
| c | LIBRO |
| d | 33724002055611 |
| e | LIBRO |
| f | c.2 |
| g | DonaciØn |
| h | 109652 |
| i | 106528 |
| s | i |
| 949 ## - PROCESAMIENTO DE INFORMACIÓN LOCAL (OCLC) | |
| a | 001.6424 C41 2007 |
| b | BC |
| c | LIBRO |
| d | 33724002216082 |
| e | LIBRO |
| f | c.3 |
| g | DonaciØn |
| h | 113378 |
| i | 106528 |
| s | i |
| 949 ## - PROCESAMIENTO DE INFORMACIÓN LOCAL (OCLC) | |
| a | 001.6424 C41 2007 |
| b | BC |
| c | LIBRO |
| d | 33724002216124 |
| e | LIBRO |
| f | c.4 |
| g | DonaciØn |
| h | 113379 |
| i | 106528 |
| s | i |
| 949 ## - PROCESAMIENTO DE INFORMACIÓN LOCAL (OCLC) | |
| a | 001.6424 C41 2007 |
| b | BC |
| c | LIBRO |
| d | 33724002216165 |
| e | LIBRO |
| f | c.5 |
| g | DonaciØn |
| h | 113380 |
| i | 106528 |
| s | i |
| 949 ## - PROCESAMIENTO DE INFORMACIÓN LOCAL (OCLC) | |
| a | 001.6424 C41 2007 |
| b | BC |
| c | UACH |
| d | 33724002055603 |
| e | UACH |
| g | DonaciØn |
| h | 109651 |
| i | 106528 |
| s | b |
| Estado de retiro | Estado de pérdida | Fuente del sistema de clasificación o colocación | Estado dañado | Restricciones de uso | No para préstamo | Código de colección | Localización permanente | Ubicación/localización actual | Ubicación en estantería | Fecha de adquisición | Fuente de adquisición | Información codificada de la localización en otra ubicación | Total de préstamos | Renovaciones totales | Signatura topográfica completa | Código de barras | Fecha visto por última vez | Fecha del último préstamo | Número de copia | Precio válido a partir de | Tipo de ítem Koha | Número de inventario |
|---|---|---|---|---|---|---|---|---|---|---|---|---|---|---|---|---|---|---|---|---|---|---|
| Dewey Decimal Classification | Préstamo 15 días | General | Biblioteca Central | Biblioteca Central | Planta alta - Colección General | 03/02/2014 | Donacion | LIBRO | 1 | 1 | 001.6424 C41 2007 | 33724002401124 | 17/07/2023 | 14/06/2023 | c.6 | 31/12/2019 | Libro | |||||
| Dewey Decimal Classification | Préstamo 15 días | General | Biblioteca Central | Biblioteca Central | Planta alta - Colección General | 31/12/2019 | Donacion | LIBRO | 001.6424 C41 2007 | 33724002055611 | 31/12/2019 | c.2 | 31/12/2019 | Libro | ||||||||
| Dewey Decimal Classification | Préstamo 15 días | General | Biblioteca Central | Biblioteca Central | Planta alta - Colección General | 31/12/2019 | Donacion | LIBRO | 1 | 2 | 001.6424 C41 2007 | 33724002216082 | 13/12/2024 | 23/10/2024 | c.3 | 31/12/2019 | Libro | |||||
| Dewey Decimal Classification | Préstamo 15 días | General | Biblioteca Central | Biblioteca Central | Planta alta - Colección General | 31/12/2019 | Donacion | LIBRO | 001.6424 C41 2007 | 33724002216124 | 31/12/2019 | c.4 | 31/12/2019 | Libro | ||||||||
| Dewey Decimal Classification | Préstamo 15 días | General | Biblioteca Central | Biblioteca Central | Planta alta - Colección General | 31/12/2019 | Donacion | LIBRO | 001.6424 C41 2007 | 33724002216165 | 31/12/2019 | c.5 | 31/12/2019 | Libro | ||||||||
| Dewey Decimal Classification | Préstamo 3 días | Publicaciones UACh | Biblioteca Central | Biblioteca Central | Planta alta - Área de Tesis - UACh | 31/12/2019 | LIBRO | 001.6424 C41 2007 | 33724002582500 | 31/12/2019 | 31/12/2019 | Libro | 127 |
